000 00659nam a22001697a 4500
008 160602b xxu||||| |||| 00| 0 eng d
082 _22011
_aUT 0310
_bSe55
100 _99823
_aSenarillos, Paola Maita B.
245 _aMultiple intellegences of 1st year education students of University of Mindanao Digos College/
_cPaola Maita B. Senarillos [and three others].
260 _aDigos City:
_bUMDC
_cOctober 2011.
300 _a39 pages;
_c27.5 cm.
650 0 _99822
_aEducation
_vMathematics
_xUndergraduate thesis.
700 _99819
_aCarpentero, April Jay M.
700 _99820
_aAlcos, Haneya Mae V.
700 _99821
_aOcleda, Gezza Mae P.
942 _2ddc
_cUT
999 _c2948
_d2948